000 00719nam a22002777a 4500
005 20251126181130.0
008 171204b2001 xxu||||| |||| 00| 0 spa d
020 _a9875170372
041 _aESP
082 _a363.256.5 R744do
100 _aRoldán, Patricio
_944770
245 _aDocumentación pericial caligráfica
260 _aArgentina
260 _bEdiciones La Rocca
260 _c2001
490 _aInvestigación Criminal
650 _aDOCUMENTOSCOPÍA
650 _aESCRITURA
650 _aTINTAS
650 _aTIPOS DE IMPRENTA
650 _aFALSIFICACIÓN DE DOCUMENTOS
650 _aCALÍGRAFOS PÚBLICOS
650 _aDICTÁMENES PERICIALES
650 _aPERITOS
942 _cBK
_2ddc
999 _c10025
_d10025